| 000 | 00372nam a22001097a 4500 | ||
|---|---|---|---|
| 008 | 230630b |||||||| |||| 00| 0 eng d | ||
| 040 |
_aNational Science Library _cNational Science Library |
||
| 100 | _6Balta, petru | ||
| 245 | _aIntroducere in chimia fizica a starii vitroase | ||
| 260 |
_aEditura academiei republicii socialiste romania _bBucuresti _c1971 |
||
| 942 |
_cBK _2udc |
||
| 999 |
_c64858 _d64858 |
||